[Event "Absoluto (ch)"]
[Site "Uruguay"]
[Date "2010.04.10"]
[Round "1"]
[White "Rodriguez, Andres"]
[Black "Muniz, Rafael"]
[Result "1-0"]
[WhiteElo "2504"]
[BlackElo "2174"]
[Annotator "MF Jose Riverol"]
[PlyCount "81"]
[EventDate "2010.04.??"]
[EventType "team"]
[EventRounds "11"]
[EventCountry "URU"]
[SourceDate "2010.04.10"]

1. f4 {Apertura Bird} d5 2. Nf3 Nf6 3. g3 g6 4. Bg2 Bg7 5. O-O O-O 6. d3 c5 7.
Qe1 {Var Leningrado con colores cambiados} d4 8. c4 Nc6 9. h3 e5 10. fxe5 Nd7
11. e6 fxe6 12. Nbd2 Nf6 13. a3 a5 14. Ng5 h6 15. Nge4 Nxe4 16. Nxe4 Rxf1+ 17.
Qxf1 Qe7 18. g4 g5 19. h4 gxh4 20. g5 Bd7 21. gxh6 Rf8 22. Bg5 Rxf1+ 23. Rxf1
Qe8 24. hxg7 Qg6 25. Bxh4 Ne5 26. Rf8+ Kxg7 27. Rb8 Bc6 28. Bf6+ Kf7 29. Bxe5
Bxe4 30. dxe4 Qh5 31. Rxb7+ Ke8 32. Bd6 Qxe2 33. Rh7 (33. Re7+ Kd8 34. Rxe6
Qe3+ 35. Kh2 d3 36. Bg3 d2 37. Rd6+ Ke7) 33... Qe3+ 34. Kh1 d3 35. e5 Qc1+ 36.
Kh2 Qf4+ 37. Kh1 Qc1+ 38. Kh2 Qxb2 $4 39. Kg3 $18 Qb6 40. Re7+ Kd8 41. Bc7+ 1-0

[Event "Absoluto (ch)"]
[Site "Uruguay"]
[Date "2010.04.10"]
[Round "1"]
[White "Donatti, Alvaro"]
[Black "Michailov, Mathias"]
[Result "1-0"]
[WhiteElo "2216"]
[BlackElo "1993"]
[Annotator "MF Jose Riverol"]
[PlyCount "89"]
[EventDate "2010.04.??"]
[EventType "team"]
[EventRounds "11"]
[EventCountry "URU"]
[SourceDate "2010.04.10"]

{Apertura Inglesa} 1. c4 Nf6 2. g3 g6 3. Bg2 Bg7 4. Nc3 O-O 5. e4 d6 6. Nge2 e5
7. O-O Nbd7 8. d3 Nc5 9. b4 Ne6 10. Rb1 Nh5 11. Qb3 Kh8 12. Bd2 f5 13. f3 Ng5
14. a4 f4 15. g4 Nf6 16. h3 h5 17. Nd5 hxg4 18. hxg4 Nxg4 19. fxg4 f3 (19...
Bxg4) 20. Ng3 Bxg4 21. Ne3 Bh3 22. Qd1 Bxg2 23. Nxg2 f2+ 24. Kh1 Qd7 25. Nf5
Rxf5 26. exf5 Qxf5 27. Rxf2 Qxf2 28. Bxg5 Qg3 29. Bh4 Qh3+ 30. Kg1 e4 31. d4
Rf8 32. Qd2 Rf3 33. Rf1 c5 34. dxc5 dxc5 35. bxc5 Rd3 36. Qf4 Rf3 37. Qxe4
Rxf1+ 38. Kxf1 Qf5+ 39. Qxf5 gxf5 40. Ne3 Bd4 41. Nxf5 Bxc5 42. Bf2 Bb4 43.
Bxa7 Kh7 44. c5 Kg6 45. Nd6 1-0

[Event "Absoluto (ch)"]
[Site "Uruguay"]
[Date "2010.04.10"]
[Round "1"]
[White "Larrea, Manuel"]
[Black "Roselli, Bernardo"]
[Result "1-0"]
[WhiteElo "2333"]
[BlackElo "2386"]
[Annotator "MF Jose Riverol"]
[PlyCount "73"]
[EventDate "2010.04.??"]
[EventType "team"]
[EventRounds "11"]
[EventCountry "URU"]
[SourceDate "2010.04.10"]

1. e4 e6 {Defensa Francesa} 2. d4 d5 3. Nc3 Bb4 {Var. Winawer} 4. e5 c5 5. a3
Bxc3+ 6. bxc3 Qa5 7. Bd2 Qa4 8. Qg4 g6 9. Qd1 Nc6 10. Nf3 cxd4 11. Rb1 dxc3 12.
Bxc3 a6 13. h4 h6 14. Bd3 Nge7 15. Rh3 Qxa3 16. Qd2 Qc5 17. Nd4 Bd7 18. Nb3 Qa7
19. Bb2 b5 20. Qf4 Qc7 21. Ra1 Qb6 22. Rf3 O-O-O 23. Ba3 b4 24. Bc1 a5 25. Be3
Qc7 26. Ba6+ Kb8 27. Bc5 Nf5 28. Nxa5 (28. g4 g5) 28... Qxe5+ 29. Qxe5+ Nxe5
30. Rxf5 exf5 31. Bd6+ Ka7 32. Be2 f6 33. Bc5+ (33. Nb3+ Kb6 34. Ra6+ Kb7 35.
Nc5+ Kc8 36. Ra8#) 33... Kb8 34. Bd6+ Ka7 35. Nb3+ $1 Kb7 36. Nc5+ Kc8 37. Ra8#
1-0

[Event "Absoluto (ch)"]
[Site "Uruguay"]
[Date "2010.04.11"]
[Round "2"]
[White "Crosa, Martin"]
[Black "Larrea, Manuel"]
[Result "0-1"]
[WhiteElo "2398"]
[BlackElo "2333"]
[Annotator "MF Jose Riverol"]
[PlyCount "81"]
[EventDate "2010.04.??"]
[EventType "team"]
[EventRounds "11"]
[EventCountry "URU"]
[SourceDate "2010.04.10"]

1. e4 c5 {Def Siciliana} 2. Nf3 Nc6 3. Bb5 g6 4. O-O Bg7 5. Bxc6 dxc6 6. d3 e5
7. Be3 Qe7 8. Qd2 Nf6 9. Qc3 Nd7 10. Nbd2 {1:18} O-O {1:21} 11. a4 a5 12. Nc4
b6 13. Nxb6 $5 Nxb6 14. Bxc5 Qc7 15. Bxf8 {0:54} Kxf8 {1:17} 16. d4 (16. b4 $5
axb4 17. Qc5+ Kg8 18. a5) 16... Ba6 17. Rfe1 exd4 (17... Nc4 $5 18. b3 $2 exd4
19. Nxd4 c5) 18. Qc5+ Kg8 19. Nxd4 Nd7 20. Qxc6 {0:42} Qxc6 {1:03} 21. Nxc6
Bxb2 22. Rab1 Bc3 23. Re3 Bd2 24. Reb3 Nc5 25. Rb8+ {0:29} Rxb8 {1:00} 26.
Rxb8+ Kg7 27. e5 Nxa4 28. Ne7 Nc5 29. Rg8+ Kh6 30. h4 {0:11} a4 {0:48} 31. Rd8
Bc3 $17 32. Ng8+ Kg7 33. f4 Ne6 34. Ra8 Bb7 35. Rb8 {0:02} (35. Rxa4 Kxg8)
35... a3 36. h5 gxh5 37. Ne7 h6 38. Nf5+ Kg6 39. Ne7+ Kh7 40. Rxb7 a2 41. Nd5
0-1

[Event "Absoluto (ch)"]
[Site "Uruguay"]
[Date "2010.04.11"]
[Round "2"]
[White "Michailov, Mathias"]
[Black "Gonzalez, Nahuel"]
[Result "1-0"]
[WhiteElo "1993"]
[BlackElo "2154"]
[Annotator "MF Jose Riverol"]
[PlyCount "91"]
[EventDate "2010.04.??"]
[EventType "team"]
[EventRounds "11"]
[EventCountry "URU"]
[SourceDate "2010.04.10"]

1. e4 e6 2. d4 d5 3. Nc3 dxe4 {Def Francesa - Var Rubinstein} 4. Nxe4 Bd7 5.
Nf3 Bc6 6. Bd3 Nd7 7. O-O Ngf6 8. Ng3 Be7 9. c4 Bxf3 10. Qxf3 {1:23} c5 {1:19}
11. d5 Ne5 12. Qe2 Nxd3 13. Qxd3 exd5 14. Nf5 O-O 15. Qg3 {0:59} Nh5 {0:55} 16.
Qf3 Nf6 (16... g6 17. Nxe7+ Qxe7 18. cxd5) 17. Bg5 (17. cxd5) 17... Re8 18.
Rfe1 Qd7 $2 19. Rxe7 $1 Rxe7 20. Bxf6 {0:54} Re4 {0:37} (20... gxf6 21. Qg4+
Kf8 22. Qg7+ Ke8 23. Qg8#) 21. cxd5 Rae8 22. Bc3 f6 23. Ng3 R4e7 24. h3 b5 25.
Rd1 {0:42} b4 {0:31} 26. Bd2 a5 27. Qd3 Qa4 28. Rc1 Qxa2 29. Rxc5 Qxb2 30. d6 {
0:32} Rd7 {0:19} 31. Rc7 Qa1+ 32. Kh2 Qa4 33. Qd5+ Kf8 34. Ne4 Rxc7 35. dxc7 {
0:26} Qc2 {0:05} 36. Bf4 Rxe4 (36... Qxe4 37. Bd6+ Qe7 38. Qe6) 37. Bd6+ Ke8
38. Qg8+ (38. Bc5 $1) 38... Kd7 39. Qd8+ Ke6 40. c8=Q+ Qxc8 41. Qxc8+ Kxd6 42.
Qd8+ Kc5 43. Qxa5+ Kc4 44. Qc7+ Kd3 45. Qxg7 b3 46. Qb7 1-0

[Event "Absoluto (ch)"]
[Site "Uruguay"]
[Date "2010.04.11"]
[Round "2"]
[White "Izquierdo, Daniel"]
[Black "Donatti, Alvaro"]
[Result "1-0"]
[WhiteElo "2276"]
[BlackElo "2216"]
[Annotator "MF Jose Riverol"]
[PlyCount "69"]
[EventDate "2010.04.??"]
[EventType "team"]
[EventRounds "11"]
[EventCountry "URU"]
[SourceDate "2010.04.10"]

1. Nf3 d5 2. b3 Nf6 3. Bb2 e6 4. e3 c6 5. d4 Nbd7 6. Bd3 Be7 7. O-O a6 8. Nbd2
O-O 9. Qe2 c5 10. Ne5 {0:55} Nxe5 {0:51} 11. dxe5 Nd7 12. c4 dxc4 13. Nxc4 b5
14. Nd6 Qc7 15. Rfd1 {0:40} Nb6 {0:30} 16. Rac1 g6 17. Bd4 Nd7 18. Be4 (18.
Bxc5 Nxe5) 18... Rb8 19. f4 (19. Bxc5) 19... Qb6 20. Bc3 {0:24} Rd8 {0:20} 21.
Qe1 b4 22. Ba1 a5 23. h4 Ba6 24. h5 Qa7 25. hxg6 hxg6 26. Qg3 Nf8 27. f5 exf5
28. Bxf5 Rb6 29. Rxc5 $2 Rbxd6 30. exd6 Qxc5 31. Qh3 Nh7 $2 {0:01} (31... f6)
32. Bxg6 {0:01} fxg6 33. Qe6+ Kf8 34. Qxe7+ Kg8 35. Qg7# 1-0

[Event "Absoluto (ch)"]
[Site "Uruguay"]
[Date "2010.04.11"]
[Round "2"]
[White "Muniz, Rafael"]
[Black "Guerrero, Alvaro"]
[Result "0-1"]
[WhiteElo "2174"]
[BlackElo "2225"]
[Annotator "MF Jose Riverol"]
[PlyCount "88"]
[EventDate "2010.04.??"]
[EventType "team"]
[EventRounds "11"]
[EventCountry "URU"]
[SourceDate "2010.04.10"]

1. e4 c6 {Def Caro Kann} 2. Nc3 d5 3. Nf3 dxe4 4. Nxe4 Bf5 5. Ng3 Bg4 6. Bc4 e6
7. h3 Bxf3 8. Qxf3 Nd7 9. Qe2 Qc7 10. d4 {1:24} Ngf6 {1:09} 11. c3 Be7 12. O-O
O-O 13. Bb3 Rfe8 14. Ne4 Nxe4 15. Qxe4 {1:06} Bd6 {0:43} 16. Bg5 c5 17. Bc2 g6
18. Rad1 c4 19. h4 Nb6 20. h5 {0:46} Nd5 {0:30} 21. hxg6 hxg6 22. f4 Kg7 23. g3
Rh8 24. Kg2 Qc6 25. Rde1 {0:18} Rh7 {0:30} 26. Rh1 Rxh1 27. Kxh1 Rh8+ 28. Kg2
Kf8 (28... f5 29. Qf3 Nxf4+ $1 $19) 29. Kg1 Kg7 30. Qg2 {0:11} Qb6 31. Be4 Nc7
32. Rf1 Qa5 33. Bxb7 Qxa2 34. Be4 Qa5 35. Qe2 Qb5 36. Qg2 f6 37. Bh4 Rb8 38.
Ra1 a6 39. Qf3 {0:01} f5 {0:01} 40. Bg5 fxe4 41. Qh1 Qf5 42. Qh6+ Kg8 43. Ra5
Rb5 44. Ra4 e3 0-1

[Event "Absoluto (ch)"]
[Site "Uruguay"]
[Date "2010.04.11"]
[Round "2"]
[White "Lopez, Nicolas"]
[Black "Rodriguez, Andres"]
[Result "1-0"]
[WhiteElo "2141"]
[BlackElo "2504"]
[Annotator "MF Jose Riverol"]
[PlyCount "95"]
[EventDate "2010.04.??"]
[EventType "team"]
[EventRounds "11"]
[EventCountry "URU"]
[SourceDate "2010.04.10"]

1. Nf3 f5 2. d4 Nf6 3. c4 g6 4. g3 Bg7 5. Bg2 O-O 6. O-O d6 7. Nc3 h6 8. d5 c5
9. Qc2 Na6 10. Bd2 {1:22} Nb4 {1:07} 11. Qc1 Kh7 12. a3 Na6 13. Qc2 Rb8 14.
Rad1 Nc7 15. e4 {1:04} fxe4 {1:01} 16. Nxe4 Nxe4 17. Qxe4 Bf5 18. Qh4 e5 19.
Bg5 Qd7 20. h3 {0:48} Rh8 {0:50} 21. g4 Kg8 22. Bc1 g5 23. Qg3 Bc2 24. Rd2 Bg6
25. Rdd1 {0:37} Rf8 {0:43} 26. Rfe1 b5 27. b3 Ne8 28. h4 Rf4 $5 (28... e4 29.
Nd2 Bd4 30. Re2 Nf6) 29. Bxf4 gxf4 30. Qh3 {0:16} h5 {0:33} 31. g5 Bf5 $44 {(x
Dh1)} 32. Qh1 Bc2 $2 33. Bh3 Qb7 34. Rc1 Bxb3 35. Nd2 {0:11} bxc4 {0:26} 36.
Be6+ Kf8 37. Qe4 $1 $16 Ke7 38. Nxc4 Qa6 39. Rc3 Ba4 40. Rb1 {0:04} Rf8 {0:14}
41. Rb8 $18 Nc7 42. Rxf8 Bxf8 43. Qh7+ Kd8 44. Qg8 Qb5 45. Qxf8+ {0:02} Ne8 {
0:06} 46. Rc1 (46. Nxd6 Qb1+ 47. Kh2 Qf1 48. Nf7+ Kc7 49. Qxc5+ Kb7 50. Nd8+
Ka6 51. Bc8#) 46... e4 47. Bf7 Qb3 48. Bxe8 1-0

[Event "Absoluto (ch)"]
[Site "Uruguay"]
[Date "2010.04.11"]
[Round "2"]
[White "Rodriguez, Santiago"]
[Black "Roselli, Bernardo"]
[Result "1/2-1/2"]
[WhiteElo "2270"]
[BlackElo "2386"]
[Annotator "MF Jose Riverol"]
[PlyCount "68"]
[EventDate "2010.04.??"]
[EventType "team"]
[EventRounds "11"]
[EventCountry "URU"]
[SourceDate "2010.04.10"]

1. e4 e6 2. d4 d5 3. Nc3 Bb4 {Def Francesa - Var Winawer} 4. e5 b6 5. a3 Bxc3+
6. bxc3 Ne7 7. Qg4 Ng6 8. h4 h5 9. Qd1 Ba6 10. Bxa6 {1:23} Nxa6 {1:30} 11. Bg5
Qd7 12. a4 Nb8 13. Ne2 Qc6 14. O-O Nd7 15. Qd3 {0:57} Ne7 {0:52} 16. Bxe7 Kxe7
17. a5 Rhc8 18. Qe3 g6 19. Qg5+ Ke8 20. f4 {0:35} Nf8 {0:33} 21. Rae1 Qd7 22.
f5 exf5 23. e6 fxe6 24. Nf4 {0:26} Kf7 25. Rxe6 Qxe6 {0:26} (25... Nxe6 26.
Qxg6+ Ke7 27. Re1) 26. Nxe6 Nxe6 27. Qg3 Re8 (27... bxa5 $5) 28. a6 Rad8 29.
Re1 Rd7 30. Re5 {0:18} b5 {0:16} 31. Qe3 Rde7 32. Qc1 Ng7 33. Qa3 Rd7 34. Qc1
Rc8 1/2-1/2

[Event "Absoluto (ch)"]
[Site "Uruguay"]
[Date "2010.04.11"]
[Round "3"]
[White "Guerrero, Alvaro"]
[Black "Lopez, Nicolas"]
[Result "1-0"]
[WhiteElo "2225"]
[BlackElo "2141"]
[Annotator "MF Jose Riverol"]
[PlyCount "101"]
[EventDate "2010.04.??"]
[EventType "team"]
[EventRounds "11"]
[EventCountry "URU"]
[SourceDate "2010.04.10"]

1. d4 Nf6 2. c4 e6 3. Nc3 Bb4 4. f3 d5 5. a3 Bxc3+ 6. bxc3 c5 7. cxd5 Nxd5 8.
dxc5 Qa5 9. e4 Ne7 10. Be3 O-O 11. Qb3 Qc7 12. Nh3 Nd7 13. Qc4 Ne5 14. Qb3 Nd7
15. Qc4 Ne5 16. Bf4 N7g6 17. Bg3 b6 18. c6 Qxc6 19. Qxc6 Nxc6 20. Bb5 Bb7 21.
Kf2 Rac8 22. Rhd1 Rfd8 23. Ke2 Na5 24. Rxd8+ Rxd8 25. Rd1 Rxd1 26. Kxd1 e5 27.
Nf2 Kf8 28. Ng4 f6 29. Ne3 Ne7 30. Kc2 Kf7 31. Be1 Bc6 32. c4 Bxb5 33. cxb5 Nb7
34. Bb4 Ke6 35. Nc4 Nc8 36. a4 Nbd6 37. Ne3 Ne7 38. Kd3 Ndc8 39. Kc4 Nd6+ 40.
Bxd6 Kxd6 41. Nf5+ Nxf5 42. exf5 g6 43. fxg6 hxg6 44. h4 e4 (44... f5 45. g4 e4
46. gxf5 exf3 47. Kd3 gxf5 48. Ke3 Ke5 49. Kxf3 Kf6 50. Kf4 Kg6 51. Ke5 Kh5 52.
Kxf5 Kxh4 53. Ke5 Kg5 54. Kd5 Kf5 55. Kc6 Ke6 56. Kb7 Kd6 57. Kxa7) 45. fxe4
Ke5 46. g4 Kxe4 47. h5 gxh5 48. gxh5 Kf5 49. Kd5 Kg5 50. Ke6 f5 51. h6 1-0

[Event "Absoluto (ch)"]
[Site "Uruguay"]
[Date "2010.04.11"]
[Round "3"]
[White "Larrea, Manuel"]
[Black "Michailov, Mathias"]
[Result "1-0"]
[WhiteElo "2333"]
[BlackElo "1993"]
[Annotator "MF Jose Riverol"]
[PlyCount "65"]
[EventDate "2010.04.??"]
[EventType "team"]
[EventRounds "11"]
[EventCountry "URU"]
[SourceDate "2010.04.10"]

1. e4 c5 {Def. Siciliana} 2. Nf3 Nc6 3. d4 cxd4 4. Nxd4 Nf6 5. Nc3 e5 {Var.
Pelikan} 6. Ndb5 d6 7. Bg5 a6 8. Na3 b5 9. Bxf6 gxf6 10. Nd5 Bg7 11. c3 f5 12.
exf5 Bxf5 13. Nc2 O-O 14. Nce3 Be6 15. Bd3 f5 16. O-O Rb8 17. Qh5 Qd7 18. g4 e4
19. Bc2 fxg4 20. Bxe4 Be5 21. h3 {1:11} gxh3 {0:37} 22. f4 Bf6 23. Kh1 (23.
Nxf6+ $1 Rxf6 24. Qg5+ Qg7 25. Qxg7+ Kxg7 26. Bxc6 $18) 23... Kh8 24. Rg1 Bxd5
25. Nxd5 Rbe8 26. Qh6 {1:02} (26. Nxf6 Rxf6 27. Bxh7 $1) 26... Bh4 {0:23} 27.
Rg4 (27. Bg6 $5) 27... Qf7 28. Rag1 h2 29. R1g2 Rxe4 30. Rg7 Re1+ 31. Kxh2 Bg3+
32. R2xg3 Re2+ 33. Kg1 1-0

[Event "Absoluto (ch)"]
[Site "Uruguay"]
[Date "2010.04.13"]
[Round "4"]
[White "Izquierdo, Daniel"]
[Black "Larrea, Manuel"]
[Result "1-0"]
[WhiteElo "2276"]
[BlackElo "2333"]
[Annotator "MF Jose Riverol"]
[PlyCount "71"]
[EventDate "2010.04.??"]
[EventType "team"]
[EventRounds "11"]
[EventCountry "URU"]
[SourceDate "2010.04.10"]

1. d4 Nf6 2. c4 e6 3. Nf3 b6 4. g3 Bb7 5. Bg2 c5 6. O-O {1:08} cxd4 {1:29} 7.
Qxd4 d6 8. Nc3 a6 9. b3 Nbd7 10. Bb2 Be7 11. Rfd1 Qc7 12. Rac1 Rc8 13. Ng5 {0:
53} Bxg2 {1:18} 14. Kxg2 Qb7+ 15. Kg1 h6 16. Nge4 Rc6 {1:04} 17. Rc2 {0:31} b5
(17... O-O) 18. cxb5 {0:31} axb5 19. Rdc1 b4 $4 20. Nb5 $1 Nxe4 21. Rxc6 Nc3
22. Nxd6+ (22. Qxg7 Rf8 (22... Bf6 23. Nxd6+ Kd8 24. Nxb7+) 23. R6xc3 bxc3 24.
Nxc3 $18) 22... Bxd6 23. Qxd6 Nxe2+ 24. Kf1 Nxc1 25. Rxc1 {0:15} f6 26. Kg1 (
26. Rc7) 26... Kd8 27. Bd4 Qb8 28. Qxe6 Re8 29. Qf7 Qd6 30. Be3 g5 31. Qh5 Re5
32. Qxh6 Qd3 33. Bb6+ Ke7 34. Qg7+ Kd6 35. Bc7+ Ke6 36. Rc6+ 1-0

[Event "Absoluto (ch)"]
[Site "Uruguay"]
[Date "2010.04.16"]
[Round "4"]
[White "Rodriguez, Andres"]
[Black "Guerrero, Alvaro"]
[Result "0-1"]
[WhiteElo "2504"]
[BlackElo "2225"]
[Annotator "MF Jose Riverol"]
[PlyCount "76"]
[EventDate "2010.04.??"]
[EventType "team"]
[EventRounds "11"]
[EventCountry "URU"]
[SourceDate "2010.04.10"]

1. e4 c6 2. d4 d5 3. e5 Bf5 4. Be2 e6 5. Nf3 Nd7 6. O-O Ne7 7. Nh4 Bg6 8. Nd2
c5 9. c3 Nc6 10. Nxg6 hxg6 11. Nf3 Be7 12. Be3 Qb6 13. Qd2 O-O 14. Bd3 Rfc8 15.
h4 Nf8 16. g3 Rc7 17. Kg2 cxd4 18. cxd4 Nb4 19. Bb1 Rac8 20. Ne1 a5 21. a3 Nc6
22. Nf3 a4 23. Bd3 Na5 24. Qe2 Nc4 25. Bf4 Rc6 26. Rab1 Qd8 27. Rh1 b5 28. Ng5
Qb6 29. Qf3 R6c7 (29... f6 30. h5 gxh5 (30... fxg5 31. hxg6) 31. exf6 Bxf6 32.
Qxh5 Bxg5 33. Bxg5) 30. Bc1 Bxg5 31. hxg5 Qxd4 32. Rh4 Qb6 (32... Nxe5 33. Rxd4
Nxf3 34. Kxf3 Rxc1 35. Rxc1 Rxc1 36. Bxb5 Nh7 $1 37. Rxa4 Nxg5+ $13) 33. Bf4
Nd7 34. Re1 (34. Bxg6 Ndxe5 (34... fxg6 35. Rbh1) 35. Bh7+ Kf8) 34... Qa5 35.
Bxg6 (35. Reh1 Kf8 36. Rh8+ Ke7) 35... Qxe1 36. Bxf7+ Kf8 (36... Kxf7 37. Bd2+)
37. g6 (37. Bxe6 Ke7 38. Bxd5) 37... Ndxe5 38. Bg5 Qg1+ $1 (38... Qg1+ 39. Kxg1
Nxf3+ 40. Kg2 Nxg5) (38... Nxf3 39. Rh8#) 0-1

[Event "Absoluto (ch)"]
[Site "Uruguay"]
[Date "2010.04.14"]
[Round "5"]
[White "Guerrero, Alvaro"]
[Black "Rodriguez, Santiago"]
[Result "1-0"]
[WhiteElo "2316"]
[BlackElo "2327"]
[Annotator "MF Jose Riverol"]
[PlyCount "101"]
[EventDate "2010.04.??"]
[EventType "team"]
[EventRounds "11"]
[EventCountry "URU"]
[SourceDate "2010.04.10"]

1. d4 Nf6 2. c4 e6 3. Nc3 Bb4 4. f3 O-O 5. a3 {1:29} Bxc3+ {1:31} 6. bxc3 Nh5
7. Nh3 f5 8. e3 d6 9. Bd3 Nc6 10. O-O {1:19} Qh4 {1:24} 11. Bd2 e5 12. Be1 Qe7
13. f4 e4 14. Be2 Nf6 15. Bh4 b6 16. Kh1 Na5 17. Rg1 Ba6 18. g4 Qd7 19. gxf5
Qxf5 {0:34} 20. Qf1 Kh8 21. Bxf6 Qxf6 22. Ng5 Rae8 23. Qh3 h6 24. d5 Bxc4 25.
Bxc4 Nxc4 26. Ne6 Rf7 27. Qh5 Ree7 (27... Nxe3 28. Nxg7) 28. Rg6 Qf5 29. Rg5
Qh7 (29... Qf6 30. Rag1 Rxe6 31. Rg6 Qxg6 32. Rxg6 Ree7) 30. Rg6 Nxe3 31. Nxg7
$1 Rxg7 (31... Ng4 $5) 32. Rxh6 Qxh6 33. Qxh6+ Kg8 34. Rg1 Rxg1+ 35. Kxg1 Rg7+
36. Kh1 Nc4 37. Qe6+ Kh8 38. Qe8+ Rg8 39. Qxe4 b5 40. a4 a6 41. axb5 axb5 42.
Qe6 Ra8 43. Kg2 Ra2+ 44. Kh3 Ra3 45. Kh4 Ra2 46. h3 Rg2 47. Kh5 Rg7 48. Qf6 Kh7
49. Qf5+ Kg8 50. Kh6 Rf7 51. Qg5+ 1-0

[Event "Absoluto (ch)"]
[Site "Uruguay"]
[Date "2010.04.14"]
[Round "5"]
[White "Donatti, Alvaro"]
[Black "Rodriguez, Andres"]
[Result "0-1"]
[WhiteElo "2325"]
[BlackElo "2499"]
[Annotator "MF Jose Riverol"]
[PlyCount "84"]
[EventDate "2010.04.??"]
[EventType "team"]
[EventRounds "11"]
[EventCountry "URU"]
[SourceDate "2010.04.10"]

1. e4 e5 2. Nf3 Nc6 3. Bb5 a6 4. Ba4 Nf6 5. O-O b5 6. Bb3 Bc5 7. d3 d6 8. a4
Bg4 9. h3 Bxf3 10. Qxf3 {1:30} Nd4 {1:29} 11. Qd1 Nxb3 12. cxb3 bxa4 13. Rxa4
Qb8 14. Qc2 O-O 15. Bd2 {1:21} Re8 {1:13} 16. Ba5 Nh5 17. Nd2 Nf4 18. Nf3 Qc8
19. Kh2 Re6 20. Bd2 {0:32} Rf6 {1:00} 21. Bxf4 Rxf4 22. b4 Bb6 23. Qc6 Rb8 24.
Rfa1 h6 25. Rxa6 {0:19} Bxf2 {0:59} 26. Ra8 Kh7 27. Rxb8 Qxb8 28. b5 Qd8 29.
Rf1 Rxf3 $1 30. gxf3 Qh4 31. Qd7 {0:08} Qg3+ {0:51} 32. Kh1 Qxf3+ 33. Kh2 g6 (
33... Bg3+ 34. Kg1 Bh2+ 35. Kxh2 Qxf1 36. Qxc7) 34. Rxf2 Qxf2+ 35. Kh1 Qe1+ 36.
Kg2 Qd2+ 37. Kh1 Qc1+ 38. Kg2 Qc2+ 39. Kg1 Kg7 40. b4 h5 41. b6 Qd1+ 42. Kf2
Qd2+ 0-1

[Event "Absoluto (ch)"]
[Site "Uruguay"]
[Date "2010.04.14"]
[Round "5"]
[White "Larrea, Manuel"]
[Black "Muniz, Rafael"]
[Result "1-0"]
[WhiteElo "2426"]
[BlackElo "2228"]
[Annotator "MF Jose Riverol"]
[PlyCount "69"]
[EventDate "2010.04.??"]
[EventType "team"]
[EventRounds "11"]
[EventCountry "URU"]
[SourceDate "2010.04.10"]

1. e4 c5 2. Nc3 d6 3. Nge2 Nf6 4. d4 cxd4 5. Nxd4 a6 6. Bc4 e6 7. Bb3 Nbd7 8.
Bg5 Nc5 9. f4 h6 10. Bh4 {1:14} Be7 11. Qf3 Qc7 12. f5 O-O 13. O-O Kh8 14. fxe6
fxe6 15. Nde2 {0:38} g5 {0:16} 16. Bg3 Nxb3 17. axb3 e5 18. h4 Bg4 19. Qd3 Be6
20. hxg5 hxg5 21. Bf2 Kg7 22. Ng3 Rh8 23. Nd5 Nxd5 24. exd5 Bd7 25. Be3 {0:21}
Rh4 {0:49} 26. Rf5 Rah8 27. Raf1 Rf4 28. Bxf4 exf4 29. Qd4+ Kg8 30. Re1 Bd8 $2
(30... Qd8) 31. Rf8+ $1 Kxf8 32. Qxh8+ Kf7 33. Qh7+ Kf8 34. Nh5 Bb5 35. Qh8+ (
35. Qh8+ Kf7 36. Qg7#) 1-0

[Event "Absoluto (ch)"]
[Site "Uruguay"]
[Date "2010.04.14"]
[Round "5"]
[White "Crosa, Martin"]
[Black "Michailov, Mathias"]
[Result "1-0"]
[WhiteElo "2498"]
[BlackElo "2218"]
[Annotator "MF Jose Riverol"]
[PlyCount "49"]
[EventDate "2010.04.??"]
[EventType "team"]
[EventRounds "11"]
[EventCountry "URU"]
[SourceDate "2010.04.10"]

1. e4 e6 2. d3 c5 3. g3 Nc6 4. Bg2 g6 5. f4 {1:27} d6 {1:23} 6. Nf3 Bg7 7. O-O
Nge7 8. c3 O-O 9. Na3 e5 10. Be3 {1:13} b6 {1:08} 11. f5 gxf5 12. Nh4 f4 13.
gxf4 exf4 14. Bxf4 Ne5 15. Nf5 {0:56} Nxf5 {0:27} 16. exf5 Ba6 17. Nc4 Rb8 18.
Qh5 Bb7 19. Bh6 Bxh6 20. Qxh6 {0:39} Kh8 {0:19} 21. Nxe5 dxe5 22. Be4 c4 23.
Kf2 Rg8 24. Rg1 cxd3 $2 25. Bxb7 (25. Rxg8+ Qxg8 26. Bxb7 Rxb7 27. Rg1 $18) (
25. Bxb7 Rxb7 26. Rxg8+ Qxg8 27. Rg1 $18) 1-0

[Event "Absoluto (ch)"]
[Site "Uruguay"]
[Date "2010.04.15"]
[Round "6"]
[White "Rodriguez, Santiago"]
[Black "Michailov, Mathias"]
[Result "1-0"]
[WhiteElo "2327"]
[BlackElo "2218"]
[Annotator "MF Jose Riverol"]
[PlyCount "91"]
[EventDate "2010.04.??"]
[EventType "team"]
[EventRounds "11"]
[EventCountry "URU"]
[SourceDate "2010.04.10"]

1. d4 Nf6 2. Bg5 Ne4 3. Bf4 c5 4. f3 Qa5+ 5. c3 Nf6 6. Nd2 cxd4 7. Nb3 Qb6 8.
Qxd4 Nc6 9. Qxb6 axb6 10. Nd4 e5 11. Nxc6 exf4 12. Nd4 Bc5 13. Nh3 Nd5 14. e4
fxe3 15. Bc4 Nc7 16. Nf4 {1:27} d5 {1:06} 17. Nxd5 Nxd5 18. Bxd5 O-O 19. Ke2
Bxd4 {0:35} 20. cxd4 Rd8 21. Bb3 Rxd4 22. Rhd1 Rxd1 23. Rxd1 Bf5 24. Kxe3 (24.
Rd6 $1 Re8 25. g4 (25. Rxb6 Bd3+ $1 26. Ke1 Ba6 27. Ba4 $14) 25... Bb1 (25...
Bg6 26. h4) (25... Bc8 26. Ba4) 26. Rd7 $18) 24... Kf8 25. Rd6 Ra6 26. g4 Ke7
$1 27. Rd4 Be6 28. Re4 Kd6 29. Bxe6 fxe6 30. a3 Ra5 31. Rb4 {1:00} Re5+ {0:18}
32. Kf4 g5+ 33. Kg3 Kc6 34. h4 h6 35. h5 {0:45} Re3 36. Kf2 Re5 37. Ra4 Rd5 38.
Ra8 e5 39. Rg8 Rd6 40. Ke3 Kd5 41. Rg7 Re6 42. Rxb7 e4 43. Rd7+ Kc6 44. Rg7
exf3+ 45. Kxf3 Kd5 46. Rg6 1-0

[Event "Absoluto (ch)"]
[Site "Uruguay"]
[Date "2010.04.15"]
[Round "6"]
[White "Izquierdo, Daniel"]
[Black "Crosa, Martin"]
[Result "1-0"]
[WhiteElo "2396"]
[BlackElo "2498"]
[Annotator "MF Jose Riverol"]
[PlyCount "52"]
[EventDate "2010.04.??"]
[EventType "team"]
[EventRounds "11"]
[EventCountry "URU"]
[SourceDate "2010.04.10"]

1. d4 g6 2. c4 Bg7 3. Nc3 d6 4. e4 e5 5. Be3 {1:12} Nc6 {1:30} 6. Nge2 f5 7.
dxe5 dxe5 8. Qxd8+ Nxd8 9. f3 Ne6 10. O-O-O Nf6 11. exf5 gxf5 {1:05} 12. g3 {
0:44} O-O 13. Bh3 Ne8 14. b3 f4 15. gxf4 Nxf4 16. Bxc8 Nxe2+ 17. Nxe2 Rxc8 18.
Rhf1 Nd6 19. Ng3 Rf7 {0:18} 20. Bc5 {0:22} Bf8 21. Rg1 Kh8 (21... Rxf3 $5) 22.
Ba3 Rxf3 23. Bb2 Re8 24. Kb1 Bh6 {0:05} 25. c5 {0:11} Nb5 26. Ne4 Be3 $4 (26...
Rf7) (26... Be3 27. Bxe5+ $1 Rxe5 28. Rd8+) 1-0

[Event "Absoluto (ch)"]
[Site "Uruguay"]
[Date "2010.04.15"]
[Round "6"]
[White "Muniz, Rafael"]
[Black "Roselli, Bernardo"]
[Result "0-1"]
[WhiteElo "2228"]
[BlackElo "2487"]
[Annotator "MF Jose Riverol"]
[PlyCount "64"]
[EventDate "2010.04.??"]
[EventType "team"]
[EventRounds "11"]
[EventCountry "URU"]
[SourceDate "2010.04.10"]

1. d4 d5 2. Nf3 c5 3. dxc5 Qa5+ 4. c3 Qxc5 {1:22} 5. g3 {1:21} Nf6 6. Bg2 e6 7.
O-O Be7 8. Be3 Qc7 9. Bf4 Qb6 10. Qb3 Nc6 {0:58} 11. Nbd2 {1:07} O-O {0:58} 12.
Qc2 h6 13. Ne5 a5 14. Rad1 Nh5 15. Nd3 {0:30} Nxf4 {0:21} 16. Nxf4 Rd8 17. Rfe1
Bd7 18. e4 {0:18} d4 {0:14} 19. e5 Rac8 20. Nh5 {0:03} Be8 21. Bf1 Rd5 22. Nf3
dxc3 23. Rxd5 exd5 24. bxc3 Bc5 25. Rb1 Qc7 26. Qf5 Bd7 27. Qf4 Re8 28. Re1 Nd8
29. Bd3 Ne6 30. Qf5 (30. Nf6+ $1 gxf6 31. Qxh6 f5 32. Bxf5 Nf8 33. Qg5+ Kh8 (
33... Ng6 34. e6 $1) 34. Qh6+ $11) 30... Ng5 31. e6 Rxe6 32. Qxd5 Nxf3+ 0-1